<?xml version="1.0" encoding="UTF-8"?>
<record
    xmlns:xsi="http://www.w3.org/2001/XMLSchema-instance"
    xsi:schemaLocation="http://www.loc.gov/MARC21/slim http://www.loc.gov/standards/marcxml/schema/MARC21slim.xsd"
    xmlns="http://www.loc.gov/MARC21/slim">

  <leader>00466nam a2200181   4500</leader>
  <controlfield tag="003">SEACOMMC</controlfield>
  <controlfield tag="005">20250508134116.0</controlfield>
  <controlfield tag="008">250326b        |||||||| |||| 00| 0 eng d</controlfield>
  <datafield tag="020" ind1=" " ind2=" ">
    <subfield code="a">978-81-272-4152-0</subfield>
    <subfield code="c">Rs.125.00</subfield>
  </datafield>
  <datafield tag="040" ind1=" " ind2=" ">
    <subfield code="a">SEACOMMC</subfield>
  </datafield>
  <datafield tag="082" ind1=" " ind2=" ">
    <subfield code="a">150</subfield>
    <subfield code="b">M 697</subfield>
  </datafield>
  <datafield tag="100" ind1=" " ind2=" ">
    <subfield code="a">Mohanty, Girishbala</subfield>
  </datafield>
  <datafield tag="245" ind1="1" ind2=" ">
    <subfield code="a">Psychology /</subfield>
    <subfield code="c"> Girishbala Mohanty</subfield>
  </datafield>
  <datafield tag="260" ind1=" " ind2=" ">
    <subfield code="a"> Kolkata</subfield>
    <subfield code="b"> Kalyani Publishers</subfield>
    <subfield code="c"> 2008</subfield>
  </datafield>
  <datafield tag="300" ind1=" " ind2=" ">
    <subfield code="b">BBA 2nd SEM</subfield>
  </datafield>
  <datafield tag="650" ind1=" " ind2=" ">
    <subfield code="a">Behavior</subfield>
  </datafield>
  <datafield tag="942" ind1=" " ind2=" ">
    <subfield code="c">BOOK</subfield>
  </datafield>
  <datafield tag="952" ind1=" " ind2=" ">
    <subfield code="0">0</subfield>
    <subfield code="1">0</subfield>
    <subfield code="2">ddc</subfield>
    <subfield code="4">0</subfield>
    <subfield code="7">0</subfield>
    <subfield code="a">SEACOMMC</subfield>
    <subfield code="b">SEACOMMC</subfield>
    <subfield code="c">REF</subfield>
    <subfield code="d">2010-02-10</subfield>
    <subfield code="l">0</subfield>
    <subfield code="o">150 M 697</subfield>
    <subfield code="p">M-2669</subfield>
    <subfield code="r">2025-03-26 11:34:04</subfield>
    <subfield code="w">2025-03-26</subfield>
    <subfield code="y">REF</subfield>
  </datafield>
  <datafield tag="952" ind1=" " ind2=" ">
    <subfield code="0">0</subfield>
    <subfield code="1">0</subfield>
    <subfield code="2">ddc</subfield>
    <subfield code="4">0</subfield>
    <subfield code="7">0</subfield>
    <subfield code="a">SEACOMMC</subfield>
    <subfield code="b">SEACOMMC</subfield>
    <subfield code="d">2010-02-10</subfield>
    <subfield code="l">0</subfield>
    <subfield code="o">150 M 697</subfield>
    <subfield code="p">M-2670</subfield>
    <subfield code="r">2025-03-26 11:34:43</subfield>
    <subfield code="t">1</subfield>
    <subfield code="w">2025-03-26</subfield>
    <subfield code="y">BOOK</subfield>
  </datafield>
  <datafield tag="952" ind1=" " ind2=" ">
    <subfield code="0">0</subfield>
    <subfield code="1">0</subfield>
    <subfield code="2">ddc</subfield>
    <subfield code="4">0</subfield>
    <subfield code="7">0</subfield>
    <subfield code="a">SEACOMMC</subfield>
    <subfield code="b">SEACOMMC</subfield>
    <subfield code="d">2010-02-10</subfield>
    <subfield code="l">0</subfield>
    <subfield code="o">150 M 697</subfield>
    <subfield code="p">M-2671</subfield>
    <subfield code="r">2025-03-26 11:34:43</subfield>
    <subfield code="t">2</subfield>
    <subfield code="w">2025-03-26</subfield>
    <subfield code="y">BOOK</subfield>
  </datafield>
  <datafield tag="952" ind1=" " ind2=" ">
    <subfield code="0">0</subfield>
    <subfield code="1">0</subfield>
    <subfield code="2">ddc</subfield>
    <subfield code="4">0</subfield>
    <subfield code="7">0</subfield>
    <subfield code="a">SEACOMMC</subfield>
    <subfield code="b">SEACOMMC</subfield>
    <subfield code="d">2010-02-10</subfield>
    <subfield code="l">0</subfield>
    <subfield code="o">150 M 697</subfield>
    <subfield code="p">M-2672</subfield>
    <subfield code="r">2025-03-26 11:34:43</subfield>
    <subfield code="t">3</subfield>
    <subfield code="w">2025-03-26</subfield>
    <subfield code="y">BOOK</subfield>
  </datafield>
  <datafield tag="952" ind1=" " ind2=" ">
    <subfield code="0">0</subfield>
    <subfield code="1">0</subfield>
    <subfield code="2">ddc</subfield>
    <subfield code="4">0</subfield>
    <subfield code="7">0</subfield>
    <subfield code="a">SEACOMMC</subfield>
    <subfield code="b">SEACOMMC</subfield>
    <subfield code="d">2010-02-10</subfield>
    <subfield code="l">0</subfield>
    <subfield code="o">150 M 697</subfield>
    <subfield code="p">M-2673</subfield>
    <subfield code="r">2025-03-26 11:34:43</subfield>
    <subfield code="t">4</subfield>
    <subfield code="w">2025-03-26</subfield>
    <subfield code="y">BOOK</subfield>
  </datafield>
  <datafield tag="952" ind1=" " ind2=" ">
    <subfield code="0">0</subfield>
    <subfield code="1">0</subfield>
    <subfield code="2">ddc</subfield>
    <subfield code="4">0</subfield>
    <subfield code="7">0</subfield>
    <subfield code="a">SEACOMMC</subfield>
    <subfield code="b">SEACOMMC</subfield>
    <subfield code="d">2010-02-10</subfield>
    <subfield code="l">0</subfield>
    <subfield code="o">150 M 697</subfield>
    <subfield code="p">M-2674</subfield>
    <subfield code="r">2025-03-26 11:34:43</subfield>
    <subfield code="t">5</subfield>
    <subfield code="w">2025-03-26</subfield>
    <subfield code="y">BOOK</subfield>
  </datafield>
  <datafield tag="999" ind1=" " ind2=" ">
    <subfield code="c">1151</subfield>
    <subfield code="d">1151</subfield>
  </datafield>
</record>
